000 00399nam a2200145Ia 4500
008 090124s9999 xx 000 0 und d
082 _b301745
245 _a काळोखाची लेक
250 _a1
260 _bपदकी सरिता
_c1986
300 _a174
630 _a काळोखाची लेक
730 _a काळोखाची लेक
942 _cBOOK
999 _c191330
_d191330